| 000 | 00517nam a22001577a 4500 | ||
|---|---|---|---|
| 003 | macl | ||
| 005 | 20240509161815.0 | ||
| 008 | 240509b |||||||| |||| 00| 0 eng d | ||
| 040 | _cmacl | ||
| 082 | _a610 | ||
| 100 |
_aमुखर्जी,डाॅ.पी.के. _982353 |
||
| 245 | _aनैनोटेक्नोलॉजी | ||
| 260 |
_aभोपाल _bआईसेक्ट पब्लिकेशन _c2019 |
||
| 650 |
_aचिकित्सक विज्ञान _982354 |
||
| 942 |
_2ddc _cHIN |
||
| 999 |
_c66827 _d66827 |
||